00543nam a2200193 a 450000100060000000300090000600800410001502000150005604000280007108200170009910000190011624500170013526000280015230000100018050500930019065000270028365000240031065000150033423027CO-ViMGA141112s2004 ck r 000 u spa d a8434217627 aCO-ViMGAbspacCO-ViMGA04a739.27 C634j1 aCodina, Carles10aLa joyerìa aEspaña : bParramòn a160p. aIntroduccion, La metalurgia, Tecnicas basicas, Superficies, Tecnicas afines, paso a paso14aJOYERIA - ENSEÑANZA 14aJOYERIA - MANUALES 14aORFEBRERIA